000 01827nam a2200385 a 4500
001 BRCA_4932
005 20190320204851.0
008 211010s1809----mx-#######---#000-0#sps-#
041 _aspa
044 _amx
084 _aDOC23
_b.H53
_c1809
100 1 _aHidalgo, Elías
_912517
245 1 0 _aDocumento perteneciente a Don Elías Hidalgo
_cElías Hidalgo ... [et al.].
260 _aQuerétaro ; México
_c1809
300 _a[2] fojas
_c31 x 21 cm.
500 _aDocumento firmado el 19 de febrero de 1809.
500 _aPatente del Hábito de la Tercera Orden de N.S.P.S. Francisco.
500 _aDocumento de admisión al Noviciado de Don Elías Hidalgo, dada en la Iglesia de dicha Tercera Orden. Firmado por Fray Lázaro Villalobos Regente de estudios, el Bachiller Don José María Zelada e Hidalgo y Don José Miguel Valderas.
500 _aContiene restos de sello lacrado de la Tercera Orden Regular de San Francisco.
500 _aContiene ilustraciónes de floreros perenes y al centro el escudo de la orden Franciscana.
500 _aEl documento contienen la leyenda DOC. #32.
500 _aPapel con marca de agua.
500 _aEstado de conservación: contiene dobleces en los márgenes y manchas ocasionadas por agentes biológicos en el margen superior.
506 0 _aFondo Reservado. Para su consulta es necesario credencial de usuario y carta de motivos.
546 _aTexto en: español de principios del siglo XIX.
600 1 4 _aHidalgo, Elías
_xHistoria
_912518
650 1 4 _aFranciscanos
_zMéxico
_912519
651 4 _aMéxico
_xHistoria
_yColonia, 1521-1821
_912461
653 0 _aOrdenes religiosas.
700 1 _aVillalobos, Lázaro
_912520
700 1 _aZelada e Hidalgo, José María
_912521
700 1 _aValderas, José Miguel
_912522
902 _aFDH
942 _2lcc
_cD
999 _c4626
_d4626